El negro en el Caribe y otros textos (Record no. 1403)

MARC details
000 -LEADER
campo de control de longitud fija 00479nam a2200145 4500
008 - DATOS DE LONGITUD FIJA--INFORMACIÓN GENERAL
campo de control de longitud fija 305.8 W721n
020 ## - NÚMERO INTERNACIONAL ESTÁNDAR DEL LIBRO
Número Internacional Estándar del Libro 9789592603486
082 ## - NÚMERO DE LA CLASIFICACIÓN DECIMAL DEWEY
Número de clasificación 305.8
Número de ítem W721n
100 ## - ENTRADA PRINCIPAL--NOMBRE DE PERSONA
Nombre de persona Williams, Eric
9 (RLIN) 6189
245 ## - MENCIÓN DEL TÍTULO
Título El negro en el Caribe y otros textos
260 ## - PUBLICACIÓN, DISTRIBUCIÓN, ETC.
Lugar de publicación, distribución, etc. La Habana
Nombre del editor, distribuidor, etc. Casa de las Américas
Fecha de publicación, distribución, etc. 2011
300 ## - DESCRIPCIÓN FÍSICA
Extensión 460 p.
Dimensiones 23 x 15 cm.
650 ## - PUNTO DE ACCESO ADICIONAL DE MATERIA--TÉRMINO DE MATERIA
Subdivisión general ciencias sociales
-- etnias
-- cultura
-- afrodescendientes
-- identidad
9 (RLIN) 6190
700 ## - ENTRADA AGREGADA--NOMBRE PERSONAL
Nombre de persona Chailloux-Laffita, Graciela (coordinadora editorial)
9 (RLIN) 6191
Holdings
Estatus retirado Estado de pérdida Fuente del sistema de clasificación o colocación Estado de daño No para préstamo Biblioteca de origen Biblioteca actual Ubicación en estantería Fecha de adquisición Total de préstamos Signatura topográfica completa Visto por última vez Precio de reemplazo Tipo de ítem Koha
    Clasificación Decimal Dewey     Biblioteca LadoV Biblioteca LadoV   15/03/2018   305.8 W721n 15/03/2018 15/03/2018 Material 01